Normal view
MARC view
- Machine Learning.Artificial Intelligence.Deep Learning Design Skills.NUSTTB2022
Entry Topical Term
001 - CONTROL NUMBER
- control field: 104136
003 - CONTROL NUMBER IDENTIFIER
- control field: NUST
005 - DATE AND TIME OF LATEST TRANSACTION
- control field: 20221205125007.0
008 - FIXED-LENGTH DATA ELEMENTS
- fixed length control field: 221205|| aca||aabn | a|a d
040 ## - CATALOGING SOURCE
- Original cataloging agency: NUST
- Transcribing agency: NUST
150 ## - HEADING--TOPICAL TERM
- Topical term or geographic name entry element: Machine Learning.Artificial Intelligence.Deep Learning Design Skills.NUSTTB2022
670 ## - SOURCE DATA FOUND
- Source citation: Work cat.: (NUST)592564: Rothman, Denis 103940, Artificial Intelligence by Example:, 2020.
